Score 0/7 Timer 01:30
0 Plays Today
Vowels - Consonants Country % Correct
3-2India
82.8%
5-4Indonesia
71.4%
7-4Saudi Arabia
56.9%
5-3Malaysia
51%
3-2Syria
37%
4-3Georgia
35.6%
4-3Armenia
35.1%
Remove Ads.
Support Sporcle.
Get the best of Sporcle when you Go Orange. This ad-free experience offers more features, more stats, and more fun while also helping to support Sporcle. Thank you for becoming a member.

You're not logged in!

Compare scores with friends on all Sporcle quizzes.
OR
Log In

Show Comments

Extras

Top Quizzes Today


Score Distribution

Your Account Isn't Verified!

In order to create a playlist on Sporcle, you need to verify the email address you used during registration. Go to your Sporcle Settings to finish the process.

Report this User

Report this user for behavior that violates our Community Guidelines.

Details: